Szczegóły MARC21

Byli z nami : wspomnienia i biogramy /

003 -Nazwa inst., której nr kontr. jest w polu 001 [,]
    • @
    • Nazwa instytucji, której n kontrolny jest w polu 001
    • NUKAT
005 -DATA I CZAS OSTATNIEJ MODYFIKACJI [,]
    • @
    • pole kontrolne
    • 20260401190505.0
020 -Międzynarod. znormalizowany nr książki - ISBN [ , ]
    • a
    • Numer ISBN
    • 8392192397 Find
040 -Instytucja sporządzająca opis [ , ]
    • a
    • Instytucja, która sporządziła opis (NP)
    • SZCZ M/AB
    • b
    • Język katalogowania
    • pol
    • e
    • Zasady katalogowania
    • rda
    • c
    • Instytucja, która sporządziła rekord (NP)
    • SZCZ M/AB
    • d
    • Instytucja, która zmodyfikowała rekord (P)
    • SZCZ M/WM
    • d
    • Instytucja, która zmodyfikowała rekord (P)
    • WA U/JKs
    • d
    • Instytucja, która zmodyfikowała rekord (P)
    • SZCZ U/JS
942 -Rodzaj dokumentu [ , ]
    • c
    • Rodzaj dokumentu
    • Książka
245 -Strefa tytułu i oznaczenia odpowiedzialności [0,0]
    • a
    • Tytuł
    • Byli z nami : Find
    • b
    • Ciąg dalszy tytułu (NP)
    • wspomnienia i biogramy / Find
    • c
    • Pozostałe elementy strefy tytułu i oznaczenia odpowiedzialności (NP)
    • redakcja Stanisław Flejterski, Agnieszka Szewczyk ; Wydział Nauk Ekonomicznych i Zarządzania Uniwersytetu Szczecińskiego, WZiEU Uniwersytet Szczeciński.
260 -Strefa adresu wydawniczego [ , ]
    • a
    • Miejsce wydania (P)
    • Szczecin :
    • b
    • Nazwa wydawcy (P)
    • Wydawnictwo Hogben,
    • c
    • Data wydania (P)
    • 2006.
300 -Strefa opisu fizycznego [ , ]
    • a
    • Określenie formy książki i/lub objętość (NP)
    • 231 stron :
    • b
    • Oznaczenie ilustracji (NP)
    • ilustracje ;
    • c
    • Format (NP)
    • 25 cm.
336 -Typ zawartości [ , ]
    • a
    • Termin opisujący typ zawartości
    • Tekst
    • b
    • Kod określający zawartość
    • txt
    • 2
    • Źródło (terminu i kodu)
    • rdacontent
337 -Typ mediów [ , ]
    • a
    • Tryb odtwarzania
    • Bez urządzenia pośredniczącego
    • b
    • Kod typu mediów
    • n
    • 2
    • Źródło (terminu i kodu)
    • rdamedia
338 -Typ/rodzaj nośnika [ , ]
    • a
    • Hasło opisujące typ nośnika
    • Wolumin
    • b
    • Kod typu nośnika
    • nc
    • 2
    • Źródło (terminu i kodu)
    • rdacarrier
380 -Deskryptor - Forma dzieła (P) [ , ]
    • a
    • forma dzieła (NP)
    • Książki
500 -Uwaga ogólna [ , ]
    • a
    • Uwaga ogólna (NP)
    • U góry okładki i strony tytułowej : 60 lat Wyższego Szkolnictwa Ekonomicznego na Pomorzu Zachodnim 2006-1946.
610 -Hasło przedmiotowe w formie nazwy ciała zbiorowego [2,7]
    • a
    • Nazwa ciała zbiorowego lub nazwa geograficzna
    • Uniwersytet Szczeciński.
    • b
    • Nazwa jednostki podrzędnej
    • Wydział Ekonomiczny
    • x
    • Określnik ogólny
    • personel
    • v
    • Określnik formalny
    • biografie.
    • 2
    • Źródło terminu
    • kaba
    • 9
    • KHW
    • 549867
648 -Hasło przedmiotowe - chronologia [ ,7]
    • a
    • Deskryptor chronologiczny
    • 1901-2000
    • 2
    • Źródło terminu
    • DBN
    • 9
    • KHW
    • 721448
648 -Hasło przedmiotowe - chronologia [ ,7]
    • a
    • Deskryptor chronologiczny
    • 1945-1989
    • 2
    • Źródło terminu
    • DBN
    • 9
    • KHW
    • 721450
648 -Hasło przedmiotowe - chronologia [ ,7]
    • a
    • Deskryptor chronologiczny
    • 1989-2000
    • 2
    • Źródło terminu
    • DBN
    • 9
    • KHW
    • 721451
648 -Hasło przedmiotowe - chronologia [ ,7]
    • a
    • Deskryptor chronologiczny
    • 2001-
    • 2
    • Źródło terminu
    • DBN
    • 9
    • KHW
    • 721449
650 -Hasło przedmiotowe [ ,7]
    • a
    • Hasło przedmiotowe
    • Ekonomiści i ekonomistki
    • 2
    • Źródło terminu
    • DBN
    • 9
    • KHW
    • 722937
650 -Hasło przedmiotowe [ ,7]
    • a
    • Hasło przedmiotowe
    • Nauki ekonomiczne
    • 2
    • Źródło terminu
    • DBN
    • 9
    • KHW
    • 731460
650 -Hasło przedmiotowe [ ,7]
    • a
    • Hasło przedmiotowe
    • Pracownicy naukowi i pracownice naukowe
    • 2
    • Źródło terminu
    • DBN
    • 9
    • KHW
    • 721699
650 -Hasło przedmiotowe [ ,7]
    • a
    • Hasło przedmiotowe
    • Szkoły wyższe
    • 2
    • Źródło terminu
    • DBN
    • 9
    • KHW
    • 721204
651 -Hasło przedmiotowe w formie nazwy geograficznej [ ,7]
    • a
    • Nazwa geograficzna
    • Polska
    • 2
    • Źródło terminu
    • DBN
    • 9
    • KHW
    • 721438
651 -Hasło przedmiotowe w formie nazwy geograficznej [ ,7]
    • a
    • Nazwa geograficzna
    • Szczecin (woj. zachodniopomorskie)
    • 2
    • Źródło terminu
    • DBN
    • 9
    • KHW
    • 721822
655 -Hasło w funkcji tematu formalnego [ ,7]
    • a
    • Hasło
    • Biografia
    • 2
    • Źródło terminu
    • DBN
    • 9
    • KHW
    • 721687
655 -Hasło w funkcji tematu formalnego [ ,7]
    • a
    • Hasło
    • Słownik biograficzny
    • 2
    • Źródło terminu
    • DBN
    • 9
    • KHW
    • 726909
658 -Ujęcie treści [ , ]
    • a
    • dziedzina nauki i sztuki/ sfera aktywności życiowej
    • Gospodarka, ekonomia, finanse
658 -Ujęcie treści [ , ]
    • a
    • dziedzina nauki i sztuki/ sfera aktywności życiowej
    • Historia
658 -Ujęcie treści [ , ]
    • a
    • dziedzina nauki i sztuki/ sfera aktywności życiowej
    • Nauka i badania
700 -Hasło dodatkowe - nazwa osobowa [1, ]
    • a
    • Nazwa osobowa (NP)
    • Flejterski, Stanisław Find
    • d
    • Daty biograficzne (NP)
    • (1948- ).
    • e
    • Określenie rodzaju współpracy
    • Redakcja
    • 9
    • KHW
    • 16
700 -Hasło dodatkowe - nazwa osobowa [1, ]
    • a
    • Nazwa osobowa (NP)
    • Szewczyk, Agnieszka Find
    • d
    • Daty biograficzne (NP)
    • (1952- ).
    • e
    • Określenie rodzaju współpracy
    • Redakcja
    • 9
    • KHW
    • 46755
710 -Hasło dodatkowe - nazwa ciała zbiorowego [2, ]
    • a
    • Nazwa ciała zbiorowego lub nazwa geograficzna jako pierwszy element (NP)
    • Hogben Marcin Łuczyk, Piotr Wilanowski.
    • e
    • Rodzaj współpracy
    • Wydawca
    • 4
    • Kod relacji
    • pbl
    • 9
    • KHW
    • 76623
710 -Hasło dodatkowe - nazwa ciała zbiorowego [2, ]
    • a
    • Nazwa ciała zbiorowego lub nazwa geograficzna jako pierwszy element (NP)
    • Uniwersytet Szczeciński.
    • b
    • Nazwa jednostki podrzędnej (P)
    • Wydział Nauk Ekonomicznych i Zarządzania.
    • e
    • Rodzaj współpracy
    • Instytucja sprawcza
    • 9
    • KHW
    • 1321
710 -Hasło dodatkowe - nazwa ciała zbiorowego [2, ]
    • a
    • Nazwa ciała zbiorowego lub nazwa geograficzna jako pierwszy element (NP)
    • Uniwersytet Szczeciński.
    • b
    • Nazwa jednostki podrzędnej (P)
    • Wydział Zarządzania i Ekonomiki Usług.
    • e
    • Rodzaj współpracy
    • Instytucja sprawcza
    • 9
    • KHW
    • 16791
920 -ISBN [ , ]
    • a
    • ISBN
    • 83-921923-9-7 Find
Lokalizacja Data inwentaryzacji Numer inwentarzowy Status udost.
BE2023-11-14S.98379-6
BG2008-06-30Z.1111971